000 00346 a2200169 4500
001 162790
020 _a85-329-0284-7
040 _cMagnum
100 _aRennó, Regina Coeli
240 1 0 _aGato de papel
_lpor
245 1 0 _aGato de papel
300 _a24
362 0 _a1997
440 1 _a
697 _aLITERATURA INFANTIL
942 _cBK
999 _c162790
_d162790